Movies Quiz

Random Movies or Clickable Quiz
Score 0/15 Timer 05:00
2 Plays Today
% Correct
WALL-E
98.4%
Iron Man
97.8%
The Dark Knight
97.6%
The Wrestler
97.4%
The Duchess
95.7%
Slumdog Millionaire
95.5%
Frozen River
95%
Frost-Nixon
93%
% Correct
The Curious Case of Benjamin Button
92.5%
Milk
90.9%
The Reader
88.4%
Wanted
82.6%
Changeling
80.4%
Doubt
79.8%
Revolutionary Road
70.6%
Remove Ads.
Support Sporcle.
Get the best of Sporcle when you Go Orange. This ad-free experience offers more features, more stats, and more fun while also helping to support Sporcle. Thank you for becoming a member.

You're not logged in!

Compare scores with friends on all Sporcle quizzes.
OR
Log In

Show Comments

Extras

Top Quizzes Today


Score Distribution

Your Account Isn't Verified!

In order to create a playlist on Sporcle, you need to verify the email address you used during registration. Go to your Sporcle Settings to finish the process.

Report this User

Report this user for behavior that violates our Community Guidelines.

Details: